000
00312 a2200157 4500
001
171046
020
_a
040
_c
Magnum
100
_a
Costa, Paulo Riani
240
1
0
_a
Teo, o menino azul
_l
por
245
1
0
_a
Teo, o menino azul
362
0
_a
1899
440
1
_a
LĂȘ
697
_a
INFANTIL
942
_c
BK
999
_c
171046
_d
171046